000 00609nam a2200217 4500
999 _c3560
_d3560
003 OSt
005 20221205164153.0
008 160414b xxu||||| |||| 00| 0 eng d
020 _a0750626348
040 _c040a
082 _a537.4 LAN 1984
100 _aLandau, L. D; Lifshitz, E.M.
_97959
245 _aElectrodynamics of Continous Media
250 _a2nd.ed
260 _aLondon;
_bButterworth Heinemann,
_c1984
300 _axiii, 460p;
_bill :
_c14 cm
504 _aIncludes bibliographical references and index
650 _aElectrodynamics
_97960
650 _aDynamics
_97961
942 _2ddc
_cSLOAN